Pochowani na Wawelu - Statystyki

Ogólne statystyki
  • Ten quiz został rozwiązany 90 razy
    69 od ostatniego zresetowania
  • Średni wynik to 8 z 35
Statystyki odpowiedzi
Odpowiedź % Poprawnych
Lech Kaczyński
79%
Kazimierz Wielki
68%
Władysław Jagiełło
67%
Józef Piłsudski
60%
Władysław Łokietek
51%
Maria Kaczyńska
47%
Adam Mickiewicz
42%
Juliusz Słowacki
37%
Jadwiga Andegaweńska
35%
Jan III Sobieski
33%
Zygmunt III Waza
33%
Jan Olbracht
30%
Stefan Batory
28%
Tadeusz Kościuszko
23%
Zygmunt II August
23%
Zygmunt I Stary
23%
Władysław IV Waza
18%
Władysław Sikorski
18%
Michał Korybut Wiśniowiecki
16%
August II Mocny
14%
Jan II Kazimierz
11%
Stanisław Leszczyński
11%
Anna Jagielonka
7%
Józef Poniatowski
5%
Kazimierz Jagielończyk
4%
Maria Kazimiera
4%
Adam Sapieha
2%
Franciszek Macharski
2%
Albin Dunajewski
0%
Aleksander Karol Waza
0%
Anna Habsburżanka
0%
Barbara Zapolya
0%
Karol Skórkowski
0%
Kazimierz Łubieński
0%
Konstancja Habsburżanka
0%
Nie znaleziono quizów pasujących do podanych kryteriów
Rozkład punktacji
Procent ludzi z każdym wynikiem
Percentyl według liczby udzielonych odpowiedzi
Twoja historia wyników
Nie rozwiązałeś tego quizu od ostatniego zresetowania